1951 1401 1115 1103 1903 1844 1083 1457 1837 1406 1629 1206 1086 1073 1903 1880 1925 1593 1342 1296 1791 1689 1185 1267 1782 1446 1090 1610 1975 1507 1821 1731 1667 1785 1020 1252 1220 1685 1087 1427 1625 1279 1526 1893 1571 1377 1786 1136 1432 1461 1001 1263 1655 1628 1901 1610 1930 1241 1777 1956 1532 1740 1441 1770 1797 1326 1944 1020 1538 1340 1704 1964 1839 1088 1338 1964 1377 1188 1579 1692 1189 1174 1608 1732 1844 1584 1022 1181 1753 1477 1314 1962 1144 1510 1108 1099 1219 1430 1470 BCNSPRNW ULIB Ver.6.0+V

เปลี่ยนเป็นภาษาไทย

Change to English
 แสดงรายละเอียดบรรณานุกรม
  กลับหน้าหลัก

Brief Record : Get Marc (ISO 2709) : E-mail record : QR code < ปิดหน้าต่าง
LEADER : 00000nam 2200000uu 4500
001    13399124783
003     ULIB
008    160323s2015||||th 000 0 eng d
020    ^a9781451190823
020    ^a1451190824
060  4 ^aWQ210^bB854d
100 1  ^aBriggs, Gerald G.
245 10 ^aDrugs in pregnancy and lactation :^ba reference guide to fetal and neonatal risk /^cGerald G. Briggs, Roger K. Freeman
250    ^a10th ed.
260    ^aPhiladelphia :^bWolters Kluwer Health/Lippincott Williams & Wilkins,^cc2015
300    ^axxii, 1703 p. ;^c28 cm.
504    ^aIncludes bibliographical references
650  2 ^aDrug Therapy^xadverse effects^vHandbooks.
650  2 ^aFetus^xdrug effects.
650  2 ^aLactation^xdrug effects^vHandbooks.
650  2 ^aPregnancy^xdrug effects^vHandbooks.
650  2 ^aObstetrics^xpharmacology.
700 1  ^aFreeman, Roger K.
945    ^p5460^l0^i000332
999    ^aเกษร โพธิ์สุวรรณ
รายการนี้ยังไม่มีแท็ก
คุณยังไม่ได้ล็อกอิน คุณสามารถมีกิจกรรมร่วมกับเว็บไซต์ได้ แต่ต้องล็อกอินก่อน ::
  ล็อกอิน

รายการสื่อสารสนเทศ

ลำดับที่ ประเภท เลขเรียก/บาร์โค้ด สถานที่ สถานะ
1. Book การพยาบาล
Book การพยาบาล
WQ210 B854d ฉ.1 
  Barcode: 000332
ห้องสมุดวิทยาเขตสวรรค์ประชารักษ์
►หนังสือทั่วไป
บนชั้น

รายการใกล้เคียง
    ผู้แต่ง [Briggs, Gerald G.]

BibComment


ยังไม่เคยถูกคอมเมนท์

คอมเมนท์ทรัพยากรรายการนี้
  คอมเมนท์: Drugs in pregnan..


 Copyright 2026. Bcnsprnw @Library